A history of Arabian music to the XIIIth century / (Record no. 872)
[ view plain ]
| 000 -LEADER | |
|---|---|
| fixed length control field | 00603nam a2200193 ar4500 |
| 001 - CONTROL NUMBER | |
| control field | 872 |
| 005 - DATE AND TIME OF LATEST TRANSACTION | |
| control field | 20221127090035.0 |
| 008 - FIXED-LENGTH DATA ELEMENTS--GENERAL INFORMATION | |
| fixed length control field | 080616s ii 00110|eng d |
| 020 ## - INTERNATIONAL STANDARD BOOK NUMBER | |
| International Standard Book Number | 8187570636 : |
| Terms of availability | No price. |
| 082 04 - DEWEY DECIMAL CLASSIFICATION NUMBER | |
| Classification number | 780.902 |
| Item number | F229 2002 |
| 100 1# - MAIN ENTRY--PERSONAL NAME | |
| Personal name | Farmer, Henry George. |
| 245 12 - TITLE STATEMENT | |
| Title | A history of Arabian music to the XIIIth century / |
| Statement of responsibility, etc. | H. G. Farmer. |
| 250 ## - EDITION STATEMENT | |
| Edition statement | Repr. |
| 260 ## - PUBLICATION, DISTRIBUTION, ETC. | |
| Place of publication, distribution, etc. | New Delhi : |
| Name of publisher, distributor, etc. | Goodword, |
| Date of publication, distribution, etc. | 2002. |
| 300 ## - PHYSICAL DESCRIPTION | |
| Extent | xv, 264 p. ; |
| Dimensions | 21 cm. |
| 500 ## - GENERAL NOTE | |
| General note | First published : London, 1929. |
| 504 ## - BIBLIOGRAPHY, ETC. NOTE | |
| Bibliography, etc. note | Includes bibl. references and index. |
| 650 #4 - SUBJECT ADDED ENTRY--TOPICAL TERM | |
| Topical term or geographic name entry element | Arabic music |
| General subdivision | History and criticism. |
| Withdrawn status | Lost status | Source of classification or shelving scheme | Damaged status | Not for loan | Home library | Current library | Date acquired | Total Checkouts | Full call number | Barcode | Date last seen | Copy number | Price effective from | Koha item type |
|---|---|---|---|---|---|---|---|---|---|---|---|---|---|---|
| CENTRAL | CENTRAL | 11/27/2022 | 780.902 F229 2002 | 1000000001127 | 11/27/2022 | C1 | 11/27/2022 | Book |
